000 00430cam a22001217a 4500
008 180718b1913 xxu||||| |||| 00| 0 eng d
082 _aC4x54 M698
100 _aMitter, Provash Chander
245 _aThe question of judicial and executive separation and the better training of judicial officers
_cby Provash Chander Mitter
260 _aCalcutta
_bBee Press
_c1913
300 _a36,vi, 103,p.
650 _aSeperation of power - India
999 _c374158
_d374158